Quel est le nom de leur stade (Spéciale Premier League) - Statistiques

Statistiques générales
  • Ce quiz a été pris 40 fois
  • Le résultat moyen est 7 sur 20
Statistiques - réponses
Equipes Stades % Correct
Manchester United Old Trafford
95%
Liverpool Anfield
89%
Arsenal Emirates Stadium
78%
Manchester City Etihad Stadium
76%
Chelsea Stamford Bridge
73%
Newcastle St James' Park
65%
Aston Villa Villa Park
59%
Tottenham Tottenham Hotspur Stadium
51%
Everton Goodison Park
27%
Fulham Craven Cottage
24%
Crystal Palace Selhurst Park Stadium
19%
Bournemouth Vitality Stadium
16%
Wolverhampton Molineux Stadium
14%
West-Ham Stade olympique de Londres
5%
Burnley Turf Moor
5%
Nottingham Forrest City Ground
3%
Brentford Gtech Community Stadium
3%
Sheffield Bramall Lane
0%
Brighton Falmer Stadium
0%
Luton Town Luton Town Football Club
0%
Aucun quiz correspondant
Distribution des résultats
% des personnes avec chaque résultat
Percentile par nombre de réponses
Votre historique - résultats
Vous n’avez pas pris ce quiz